Zákazníci opäť zmenia obchody

Obchodné siete na Slovensku. Boom hypermarketov sa končí. Dôvody znižovania hypermarketu ako miesta veľkých nákupov. Siete sa začali zaujímať o menšie predajne a špecializované predajne. Expres Tesco z Británie, malé Metro.

Enregistré dans:
Détails bibliographiques
Auteur principal: Horváthová, Jarmila
Autres auteurs: Pažitková, Martina
Format: Chapitre de livre
Langue:serbe
Sujets:
Tags: Ajouter un tag
Pas de tags, Soyez le premier à ajouter un tag!

MARC

LEADER 00000naa$a2200000$$$4500
001 0062621
005 20231009073715.1
041 0 |a srp 
044 |a SK 
245 1 0 |a Zákazníci opäť zmenia obchody  |c Jarmila Horváthová, Martina Pažitková 
520 |a Obchodné siete na Slovensku. Boom hypermarketov sa končí. Dôvody znižovania hypermarketu ako miesta veľkých nákupov. Siete sa začali zaujímať o menšie predajne a špecializované predajne. Expres Tesco z Británie, malé Metro. 
610 2 0 |a obchod 
610 2 0 |a predajne 
610 2 0 |a Slovensko 
100 1 |a Horváthová, Jarmila 
700 1 |a Pažitková, Martina